Personnages de Dragon Ball - Statistiques

Statistiques générales
  • Ce quiz a été pris 231 fois
  • Le résultat moyen est 29 sur 44
Statistiques - réponses
Hint Réponse % Correct
Personnage PrincipaleSaiyan
Membre de l'équipe de l'Univers 7 Père du prochain
Son Goku
100%
Demi-SaiyanFils du précédent Membre de l'équipe de l'Univers 7 Son Gohan
98%
SaiyanAncien antagoniste de Dragon Ball Z Membre de l'équipe de l'Univers 7 Père du prochain Vegeta
98%
Humaine Epouse du personnage principaleMère des deux précédents Chi-Chi
97%
Demi-SaiyanFrère du précédent Son Goten
97%
Demi-SaiyanFils du précédent Trunks
96%
Humaine ScientifiqueMère des deux précédents Epouse du "deutéragoniste" Bulma
95%
AndroidEpouse du précédent Nom Originale = Lazuli Membre de l'équipe de l'Univers 7 Android 18
89%
AndroidNom Originale = Lapis Membre de l'équipe de l'Univers 7 Gagnant du Tournoi du Plus Fort Android 17
88%
Race de Namek Membre de l'équipe de l'Univers 7 Piccolo
88%
Humain Ami du personnage principale Membre de l'équipe de l'Univers 7Epoux de la prochaine Krillin
85%
Quart-SaiyanFille de la précédente et du fils du personnage principale Pan
79%
HumainAmi du personnage principale Yamcha
79%
MajinAntagoniste de Dragon Ball Z Majin Buu
78%
HumainFaux Superhero Père de la prochaine Mr. Satan
78%
Antagoniste principale de Dragon Ball ZAllié temporaire de Dragon Ball Super Membre de l'équipe de l'Univers 7 Frieza
77%
Dieu de la Destruction de l'Univers 7Frère du prochain Beerus
75%
SaiyanFrère du personnage principale Antagoniste dans Dragon Ball Z Raditz
73%
HumaineFille du précédent Mère de la prochaine Epouse du fils du personnage principale Videl
73%
Bio-Android Antagoniste de Dragon Ball Z Cell
72%
AngeChargé du Dieu de Destruction de l'Univers 7 Frère de la prochaine Whis
70%
SaiyanAncien partenaire du deutéragoniste Nappa
69%
Dieu de la Destruction de l'Univers 6Frère du précédent Champa
65%
Demi-HumainAmi du personnage principale Membre de l'équipe de l'Univers 7 Tien Shinhan
64%
Demi-SaiyanFusion entre le fils du personnage principale et le fils du deutéragoniste Gotenks
62%
Membre de l'équipe de l'Univers 11Membre des Pride Troopers Jiren
62%
Roi-OmniRoi Supreme du Multivers Zeno
59%
Membre de l'équipe de l'Univers 6Assassin Hit
55%
HumaineFille des deux précédents Marron
54%
SaiyanMembre de l'équipe de l'Univers 6 Caulifla
53%
SaiyanAntagoniste du futur dans Dragon Ball Super Goku Black
53%
SaiyanFusion entre les deux précédentes Kefla
52%
Membre de l'équipe de l'Univers 11Chef des Pride Troopers Top
52%
SaiyanSaiyan Légendaire Membre de l'équipe de l'Univers 6 Kale
50%
AngeChargé du Dieu de Destruction de l'Univers 6 Sœur du précédent Vados
50%
Kai du NordMaitre du personnage principale King Kai
48%
Apprenti Kaio Shin de l'Univers 10Ancien Kaio Shin du Nord de l'Univers 10 Zamasu
43%
Fusion entre le personnage principale et ledeutéragoniste Vegito
41%
SaiyanMembre de l'équipe de l'Univers 6 Membre de l'Unité de Défense de Sadala Cabba
35%
HumainMaitre du personnage principale Maitre des deux précédents Master Roshi
31%
Membre de l'équipe de l'Unviers 6 Frost
29%
Kai Supreme de l'Est Shin
19%
Demi-SaiyanSœur du précédent Bulla
16%
Conseiller du précédentPère des anges Grand Minister
5%
Aucun quiz correspondant
Distribution des résultats
% des personnes avec chaque résultat
Percentile par nombre de réponses
Votre historique - résultats
Vous n’avez pas pris ce quiz